[Event "TeamRussiamenrapid"]
[Site "?"]
[Date "2016.10.05"]
[Round "1.12"]
[White "Shandrygin, Nikita"]
[Black "Sharafiev, Azat"]
[Result "1/2-1/2"]
[LiveChessVersion "1.4.4"]
[BlackElo "2534"]
[WhiteElo "2298"]

1. Nf3 {[%clk 0:15:18]} c5 {[%clk 0:14:49]} 2. g3 {[%clk 0:15:26]} Nc6
{[%clk 0:14:55]} 3. d4 {[%clk 0:15:34]} cxd4 {[%clk 0:14:46]} 4. Nxd4
{[%clk 0:15:43]} g6 {[%clk 0:14:38]} 5. Bg2 {[%clk 0:15:51]} Bg7 {[%clk 0:14:47]}
6. Nb3 {[%clk 0:15:59]} Nf6 {[%clk 0:14:54]} 7. Nc3 {[%clk 0:16:07]} O-O
{[%clk 0:14:55]} 8. O-O {[%clk 0:16:15]} d6 {[%clk 0:15:03]} 9. a4
{[%clk 0:16:23]} Bf5 {[%clk 0:14:05]} 10. h3 {[%clk 0:12:21]} Qd7
{[%clk 0:13:27]} 11. Kh2 {[%clk 0:12:26]} Rfd8 {[%clk 0:13:21]} 12. e4
{[%clk 0:12:33]} Be6 {[%clk 0:13:30]} 13. Nd5 {[%clk 0:12:37]} Rac8
{[%clk 0:12:50]} 14. c3 {[%clk 0:12:33]} Ne5 {[%clk 0:11:46]} 15. Nd4
{[%clk 0:10:47]} Nc6 {[%clk 0:10:49]} 16. Nb3 {[%clk 0:08:03]} Ne5
{[%clk 0:10:56]} 17. Nd4 {[%clk 0:08:09]} Nc6 {[%clk 0:10:54]} 18. Nb3
{[%clk 0:08:09]} Ne5 {[%clk 0:10:52]} 19. Nd4 {[%clk 0:08:17]} Nc6
{[%clk 0:10:50]} 20. Nb3 {[%clk 0:08:25]} 1/2-1/2

[Event "TeamRussiamenrapid"]
[Site "?"]
[Date "2016.10.05"]
[Round "1.13"]
[White "Alexeev, Alexey"]
[Black "Bologan, Victor"]
[Result "1-0"]
[LiveChessVersion "1.4.4"]
[BlackElo "2569"]
[WhiteElo "2292"]

1. e4 {[%clk 0:15:18]} c5 {[%clk 0:15:15]} 2. a3 {[%clk 0:15:23]} g6
{[%clk 0:15:02]} 3. b4 {[%clk 0:15:31]} Bg7 {[%clk 0:15:07]} 4. Nc3
{[%clk 0:15:39]} Nc6 {[%clk 0:15:00]} 5. Rb1 {[%clk 0:15:27]} b6 {[%clk 0:14:19]}
6. g3 {[%clk 0:15:18]} e5 {[%clk 0:13:39]} 7. Bg2 {[%clk 0:15:05]} Nge7
{[%clk 0:13:47]} 8. Nge2 {[%clk 0:15:03]} d6 {[%clk 0:13:47]} 9. d3
{[%clk 0:14:16]} O-O {[%clk 0:13:20]} 10. O-O {[%clk 0:12:25]} Be6
{[%clk 0:11:38]} 11. Nd5 {[%clk 0:12:01]} Qd7 {[%clk 0:11:31]} 12. c3
{[%clk 0:08:44]} Bh3 {[%clk 0:10:16]} 13. b5 {[%clk 0:08:45]} Bxg2
{[%clk 0:09:38]} 14. bxc6 {[%clk 0:08:28]} Qh3 {[%clk 0:09:43]} 15. Nxe7+
{[%clk 0:08:35]} Kh8 {[%clk 0:09:52]} 16. f3 {[%clk 0:08:35]} Bxf1
{[%clk 0:09:54]} 17. Qxf1 {[%clk 0:08:42]} Qe6 {[%clk 0:09:59]} 18. Nd5
{[%clk 0:08:32]} Rac8 {[%clk 0:10:07]} 19. c7 {[%clk 0:08:36]} f5
{[%clk 0:10:15]} 20. Qg2 {[%clk 0:08:15]} Rf7 {[%clk 0:10:15]} 21. c4
{[%clk 0:07:51]} Rcf8 {[%clk 0:10:02]} 22. Be3 {[%clk 0:06:51]} h6
{[%clk 0:09:41]} 23. a4 {[%clk 0:06:32]} g5 {[%clk 0:09:40]} 24. g4
{[%clk 0:05:55]} f4 {[%clk 0:09:00]} 25. Bd2 {[%clk 0:05:43]} Bf6
{[%clk 0:09:02]} 26. a5 {[%clk 0:05:27]} bxa5 {[%clk 0:09:07]} 27. Bxa5
{[%clk 0:05:34]} h5 {[%clk 0:09:13]} 28. h3 {[%clk 0:05:35]} Qc8 {[%clk 0:08:49]}
29. Nec3 {[%clk 0:04:49]} Qa6 {[%clk 0:08:43]} 30. Qa2 {[%clk 0:04:56]} hxg4
{[%clk 0:08:39]} 31. hxg4 {[%clk 0:05:04]} Kg7 {[%clk 0:08:41]} 32. Rb8
{[%clk 0:04:29]} Rc8 {[%clk 0:08:05]} 33. Qa4 {[%clk 0:04:24]} 1-0

[Event "TeamRussiamenrapid"]
[Site "?"]
[Date "2016.10.05"]
[Round "1.14"]
[White "Ponkratov, Pavel"]
[Black "Chos, Alexey"]
[Result "1-0"]
[LiveChessVersion "1.4.4"]
[BlackElo "2324"]
[WhiteElo "2654"]

1. d4 {[%clk 0:15:18]} d5 {[%clk 0:05:51]} 2. c4 {[%clk 0:15:26]} c6
{[%clk 0:06:01]} 3. Nf3 {[%clk 0:15:33]} Nf6 {[%clk 0:06:09]} 4. Qc2
{[%clk 0:15:42]} g6 {[%clk 0:06:15]} 5. e3 {[%clk 0:15:28]} Bf5 {[%clk 0:06:18]}
6. Qb3 {[%clk 0:15:36]} Qb6 {[%clk 0:06:26]} 7. Nc3 {[%clk 0:15:43]} Qxb3
{[%clk 0:05:33]} 8. axb3 {[%clk 0:15:51]} e6 {[%clk 0:05:20]} 9. c5
{[%clk 0:15:46]} Nbd7 {[%clk 0:05:13]} 10. b4 {[%clk 0:15:54]} Bg7
{[%clk 0:05:07]} 11. b5 {[%clk 0:16:03]} e5 {[%clk 0:04:30]} 12. bxc6
{[%clk 0:16:11]} bxc6 {[%clk 0:04:39]} 13. Ra6 {[%clk 0:16:17]} Nb8
{[%clk 0:04:43]} 14. Nxe5 {[%clk 0:15:32]} Nxa6 {[%clk 0:04:52]} 15. Bxa6
{[%clk 0:15:41]} Bc8 {[%clk 0:05:01]} 16. Be2 {[%clk 0:15:43]} Bb7
{[%clk 0:05:10]} 17. b4 {[%clk 0:15:48]} a6 {[%clk 0:05:17]} 18. Bd2
{[%clk 0:15:23]} Nd7 {[%clk 0:05:17]} 19. Nd3 {[%clk 0:15:13]} O-O
{[%clk 0:05:09]} 20. Na4 {[%clk 0:15:20]} f5 {[%clk 0:05:05]} 21. Kd1
{[%clk 0:15:15]} Nf6 {[%clk 0:05:08]} 22. Kc2 {[%clk 0:14:44]} g5
{[%clk 0:04:58]} 23. f4 {[%clk 0:14:01]} Ne4 {[%clk 0:05:02]} 24. Nb6
{[%clk 0:13:38]} Nxd2 {[%clk 0:04:59]} 25. Kxd2 {[%clk 0:13:40]} Ra7
{[%clk 0:04:22]} 26. Ne5 {[%clk 0:13:40]} gxf4 {[%clk 0:04:23]} 27. exf4
{[%clk 0:13:49]} a5 {[%clk 0:04:31]} 28. Ra1 {[%clk 0:13:55]} a4 {[%clk 0:04:40]}
29. Ra3 {[%clk 0:13:59]} Bxe5 {[%clk 0:04:45]} 30. fxe5 {[%clk 0:13:41]} Rf7
{[%clk 0:04:45]} 31. b5 {[%clk 0:13:14]} Rg7 {[%clk 0:04:46]} 32. g3
{[%clk 0:13:22]} f4 {[%clk 0:04:29]} 33. bxc6 {[%clk 0:11:09]} Bxc6
{[%clk 0:04:35]} 34. gxf4 {[%clk 0:11:19]} Rg2 {[%clk 0:04:40]} 35. Ke3
{[%clk 0:11:27]} Rxh2 {[%clk 0:04:46]} 36. f5 {[%clk 0:11:31]} Rg7
{[%clk 0:04:55]} 37. Bf3 {[%clk 0:11:28]} Rb2 {[%clk 0:04:06]} 38. Nxa4
{[%clk 0:09:56]} h5 {[%clk 0:03:50]} 39. Nxb2 {[%clk 0:10:04]} h4
{[%clk 0:03:59]} 40. Nd3 {[%clk 0:10:06]} h3 {[%clk 0:04:09]} 41. Ra2
{[%clk 0:10:14]} 1-0

[Event "TeamRussiamenrapid"]
[Site "?"]
[Date "2016.10.05"]
[Round "1.15"]
[White "Jary, Sergey"]
[Black "Khismatullin, Denis"]
[Result "0-1"]
[LiveChessVersion "1.4.4"]
[BlackElo "2668"]
[WhiteElo "2336"]

1. d4 {[%clk 0:15:17]} Nf6 {[%clk 0:15:12]} 2. Bg5 {[%clk 0:15:20]} e6
{[%clk 0:14:49]} 3. e4 {[%clk 0:15:15]} h6 {[%clk 0:14:57]} 4. Bxf6
{[%clk 0:15:14]} Qxf6 {[%clk 0:15:05]} 5. e5 {[%clk 0:15:22]} Qd8
{[%clk 0:14:35]} 6. Nf3 {[%clk 0:14:39]} d5 {[%clk 0:13:45]} 7. c4
{[%clk 0:14:13]} Bb4+ {[%clk 0:11:37]} 8. Nc3 {[%clk 0:14:15]} c5
{[%clk 0:11:40]} 9. cxd5 {[%clk 0:12:56]} exd5 {[%clk 0:10:14]} 10. Bb5+
{[%clk 0:12:59]} Nc6 {[%clk 0:08:52]} 11. O-O {[%clk 0:12:59]} O-O
{[%clk 0:08:04]} 12. dxc5 {[%clk 0:12:21]} Be6 {[%clk 0:06:20]} 13. Rc1
{[%clk 0:11:56]} Bxc5 {[%clk 0:04:40]} 14. Bxc6 {[%clk 0:11:08]} bxc6
{[%clk 0:04:46]} 15. Nxd5 {[%clk 0:11:03]} Bxf2+ {[%clk 0:04:39]} 16. Rxf2
{[%clk 0:10:57]} Bxd5 {[%clk 0:04:47]} 17. Qd4 {[%clk 0:10:51]} Re8
{[%clk 0:04:16]} 18. b3 {[%clk 0:10:09]} a5 {[%clk 0:04:14]} 19. Qf4
{[%clk 0:09:32]} Rb8 {[%clk 0:03:51]} 20. Rd1 {[%clk 0:09:36]} Qc7
{[%clk 0:03:28]} 21. Re1 {[%clk 0:09:03]} Rb4 {[%clk 0:03:18]} 22. Qg3
{[%clk 0:08:55]} Qe7 {[%clk 0:02:25]} 23. Rfe2 {[%clk 0:08:48]} a4
{[%clk 0:02:23]} 24. bxa4 {[%clk 0:08:43]} Rxa4 {[%clk 0:02:30]} 25. Qf2
{[%clk 0:08:52]} Rea8 {[%clk 0:02:36]} 26. Nd4 {[%clk 0:08:46]} Qc5
{[%clk 0:02:20]} 27. Nf5 {[%clk 0:08:39]} Qxf2+ {[%clk 0:02:21]} 28. Rxf2
{[%clk 0:08:48]} Rxa2 {[%clk 0:01:57]} 29. Ne7+ {[%clk 0:08:36]} Kf8
{[%clk 0:02:01]} 30. Ng6+ {[%clk 0:08:42]} Ke8 {[%clk 0:02:05]} 31. Nf4
{[%clk 0:08:47]} Ke7 {[%clk 0:01:53]} 32. Rd1 {[%clk 0:07:43]} Ra1
{[%clk 0:01:49]} 33. Rfd2 {[%clk 0:07:42]} Rxd1+ {[%clk 0:01:49]} 34. Rxd1
{[%clk 0:07:52]} Rd8 {[%clk 0:01:17]} 35. h4 {[%clk 0:07:52]} g5 {[%clk 0:01:23]}
36. hxg5 {[%clk 0:07:33]} hxg5 {[%clk 0:01:31]} 37. Nh5 {[%clk 0:07:05]} Ra8
{[%clk 0:01:33]} 38. Rd2 {[%clk 0:06:43]} Ra4 {[%clk 0:01:18]} 39. Nf6
{[%clk 0:06:09]} Ke6 {[%clk 0:01:24]} 40. Nh7 {[%clk 0:06:05]} g4
{[%clk 0:01:13]} 41. Kh2 {[%clk 0:05:56]} Kxe5 {[%clk 0:01:12]} 42. Nf8
{[%clk 0:05:54]} f5 {[%clk 0:00:55]} 43. Nd7+ {[%clk 0:05:57]} Kf4
{[%clk 0:00:56]} 44. Nf6 {[%clk 0:05:33]} Ra5 {[%clk 0:00:52]} 45. Rf2+
{[%clk 0:05:13]} Kg5 {[%clk 0:00:41]} 46. Nh7+ {[%clk 0:04:56]} Kg6
{[%clk 0:00:49]} 47. Nf8+ {[%clk 0:05:04]} Kf6 {[%clk 0:00:57]} 48. Nd7+
{[%clk 0:05:06]} Kg5 {[%clk 0:01:05]} 49. Ne5 {[%clk 0:05:01]} Ra3
{[%clk 0:01:01]} 50. Kg1 {[%clk 0:04:37]} g3 {[%clk 0:01:04]} 51. Rf1
{[%clk 0:04:41]} Ra2 {[%clk 0:01:12]} 52. Nf3+ {[%clk 0:04:50]} Bxf3
{[%clk 0:01:20]} 0-1

[Event "TeamRussiamenrapid"]
[Site "?"]
[Date "2016.10.05"]
[Round "1.16"]
[White "Pridorozhni, Aleksei"]
[Black "Sanin, Andrey"]
[Result "1-0"]
[LiveChessVersion "1.4.4"]
[BlackElo "2186"]
[WhiteElo "2628"]

1. e4 e6 {[%clk 0:15:12]} 2. d4 {[%clk 0:15:17]} d5 {[%clk 0:15:20]} 3. Nd2
{[%clk 0:15:26]} c5 {[%clk 0:15:26]} 4. Ngf3 {[%clk 0:15:33]} Nc6
{[%clk 0:15:31]} 5. exd5 {[%clk 0:15:41]} exd5 {[%clk 0:15:33]} 6. Bb5
{[%clk 0:15:49]} Nf6 {[%clk 0:14:42]} 7. O-O {[%clk 0:15:55]} Be7
{[%clk 0:14:18]} 8. dxc5 {[%clk 0:16:03]} Bxc5 {[%clk 0:13:57]} 9. Nb3
{[%clk 0:16:10]} Be7 {[%clk 0:13:59]} 10. Bg5 {[%clk 0:16:03]} O-O
{[%clk 0:13:56]} 11. c3 {[%clk 0:16:09]} a6 {[%clk 0:13:04]} 12. Be2
{[%clk 0:16:16]} Bg4 {[%clk 0:12:51]} 13. Nfd4 {[%clk 0:16:08]} Bxe2
{[%clk 0:12:50]} 14. Qxe2 {[%clk 0:16:00]} Nxd4 {[%clk 0:11:40]} 15. Nxd4
{[%clk 0:16:08]} Qd7 {[%clk 0:11:14]} 16. Rad1 {[%clk 0:15:59]} Rfe8
{[%clk 0:07:30]} 17. Qf3 {[%clk 0:15:00]} Ne4 {[%clk 0:07:00]} 18. Bxe7
{[%clk 0:15:06]} Qxe7 {[%clk 0:07:06]} 19. Nf5 {[%clk 0:14:26]} Qe5
{[%clk 0:06:46]} 20. Ne3 {[%clk 0:13:23]} Rad8 {[%clk 0:06:40]} 21. Rd4
{[%clk 0:13:25]} Rd6 {[%clk 0:06:01]} 22. Qf5 {[%clk 0:13:04]} Qxf5
{[%clk 0:04:29]} 23. Nxf5 {[%clk 0:12:59]} Rb6 {[%clk 0:04:33]} 24. f3
{[%clk 0:12:39]} Nf6 {[%clk 0:03:46]} 25. Rd2 {[%clk 0:12:44]} Rbe6
{[%clk 0:03:35]} 26. Kf2 {[%clk 0:12:44]} g6 {[%clk 0:03:30]} 27. Nd4
{[%clk 0:12:49]} R6e7 {[%clk 0:03:35]} 28. Nc2 {[%clk 0:12:51]} a5
{[%clk 0:03:24]} 29. Re1 {[%clk 0:12:44]} Rxe1 {[%clk 0:03:19]} 30. Nxe1
{[%clk 0:12:52]} Kf8 {[%clk 0:03:23]} 31. g4 {[%clk 0:12:36]} h6 {[%clk 0:03:24]}
32. h4 {[%clk 0:12:44]} Rd8 {[%clk 0:02:49]} 33. Ng2 {[%clk 0:12:25]} Ke7
{[%clk 0:02:45]} 34. Nf4 {[%clk 0:12:33]} g5 {[%clk 0:02:43]} 35. Ng2
{[%clk 0:12:41]} Ke6 {[%clk 0:02:35]} 36. Re2+ {[%clk 0:12:40]} Kd7
{[%clk 0:02:34]} 37. h5 {[%clk 0:12:43]} Ng8 {[%clk 0:02:24]} 38. Ne3
{[%clk 0:12:44]} Ne7 {[%clk 0:02:32]} 39. Rd2 {[%clk 0:12:50]} Kc6
{[%clk 0:02:28]} 40. Nc4 {[%clk 0:12:18]} f6 {[%clk 0:01:55]} 41. Nxa5+
{[%clk 0:12:25]} Kc7 {[%clk 0:01:46]} 42. Nb3 {[%clk 0:12:26]} f5
{[%clk 0:01:52]} 43. Nd4 {[%clk 0:12:32]} Kd7 {[%clk 0:01:41]} 44. Nxf5
{[%clk 0:12:27]} Nxf5 {[%clk 0:01:42]} 45. gxf5 {[%clk 0:12:35]} Kc6
{[%clk 0:01:26]} 46. Kg3 {[%clk 0:12:40]} Rf8 {[%clk 0:01:15]} 47. Kg4
{[%clk 0:12:48]} Ra8 {[%clk 0:01:24]} 48. b3 {[%clk 0:12:48]} Re8
{[%clk 0:01:31]} 49. f6 {[%clk 0:12:46]} 1-0

[Event "TeamRussiamenrapid"]
[Site "?"]
[Date "2016.10.05"]
[Round "1.17"]
[White "Alekseev, Evgeny"]
[Black "Shcherbakov, Ruslan"]
[Result "1-0"]
[LiveChessVersion "1.4.4"]
[BlackElo "2542"]
[WhiteElo "2688"]

1. e4 {[%clk 0:15:17]} e5 {[%clk 0:15:08]} 2. Nf3 {[%clk 0:15:25]} Nc6
{[%clk 0:15:16]} 3. Bc4 {[%clk 0:15:29]} Bc5 {[%clk 0:15:22]} 4. c3
{[%clk 0:15:38]} Nf6 {[%clk 0:15:29]} 5. d3 {[%clk 0:15:47]} O-O {[%clk 0:15:35]}
6. O-O {[%clk 0:15:54]} d5 {[%clk 0:15:40]} 7. exd5 {[%clk 0:16:02]} Nxd5
{[%clk 0:15:48]} 8. a4 {[%clk 0:16:00]} Bg4 {[%clk 0:12:07]} 9. a5
{[%clk 0:15:36]} a6 {[%clk 0:11:34]} 10. Nbd2 {[%clk 0:14:31]} Nf6
{[%clk 0:10:54]} 11. Re1 {[%clk 0:13:47]} Qd7 {[%clk 0:10:43]} 12. Nf1
{[%clk 0:11:33]} Rad8 {[%clk 0:06:37]} 13. h3 {[%clk 0:08:32]} Bh5
{[%clk 0:05:27]} 14. Ng3 {[%clk 0:08:10]} Bg6 {[%clk 0:05:35]} 15. Nxe5
{[%clk 0:07:22]} Nxe5 {[%clk 0:05:40]} 16. Rxe5 {[%clk 0:07:04]} Bd6
{[%clk 0:05:06]} 17. Re3 {[%clk 0:06:55]} Bf4 {[%clk 0:04:37]} 18. Rf3
{[%clk 0:05:57]} Bxg3 {[%clk 0:04:20]} 1-0

[Event "TeamRussiamenrapid"]
[Site "?"]
[Date "2016.10.05"]
[Round "1.18"]
[White "Salemgareev, Tagir"]
[Black "Romanov, Evgeny"]
[Result "1/2-1/2"]
[LiveChessVersion "1.4.4"]
[BlackElo "2621"]
[WhiteElo "2223"]

1. d4 {[%clk 0:15:17]} Nf6 {[%clk 0:14:40]} 2. Nf3 {[%clk 0:15:24]} d5
{[%clk 0:14:42]} 3. c4 {[%clk 0:15:29]} dxc4 {[%clk 0:14:50]} 4. e3
{[%clk 0:15:35]} b5 {[%clk 0:14:59]} 5. b3 {[%clk 0:14:18]} cxb3 {[%clk 0:15:01]}
6. axb3 {[%clk 0:14:24]} b4 {[%clk 0:14:32]} 7. Bd3 {[%clk 0:14:02]} Bb7
{[%clk 0:14:30]} 8. O-O {[%clk 0:14:07]} e6 {[%clk 0:14:39]} 9. Nbd2
{[%clk 0:13:06]} Be7 {[%clk 0:14:27]} 10. Bb2 {[%clk 0:12:39]} Nbd7
{[%clk 0:14:27]} 11. Qc2 {[%clk 0:11:17]} O-O {[%clk 0:13:19]} 12. Rfc1
{[%clk 0:10:03]} c5 {[%clk 0:10:59]} 13. dxc5 {[%clk 0:09:53]} Nxc5
{[%clk 0:11:05]} 14. Bxf6 {[%clk 0:09:49]} gxf6 {[%clk 0:11:10]} 15. Bxh7+
{[%clk 0:09:37]} Kg7 {[%clk 0:11:10]} 16. Qc4 {[%clk 0:03:46]} f5
{[%clk 0:10:11]} 17. Bxf5 {[%clk 0:03:43]} exf5 {[%clk 0:10:19]} 18. Nd4
{[%clk 0:03:52]} Qd7 {[%clk 0:09:16]} 19. N2f3 {[%clk 0:03:02]} Be4
{[%clk 0:06:27]} 20. Ne5 {[%clk 0:02:57]} Qd6 {[%clk 0:06:01]} 21. Nec6
{[%clk 0:02:51]} Rh8 {[%clk 0:02:10]} 22. h3 {[%clk 0:02:37]} Qg6
{[%clk 0:02:01]} 23. Nxf5+ {[%clk 0:02:22]} Qxf5 {[%clk 0:02:01]} 24. Nxe7
{[%clk 0:02:24]} Qg5 {[%clk 0:02:10]} 25. Qd4+ {[%clk 0:02:14]} f6
{[%clk 0:01:30]} 26. Nf5+ {[%clk 0:01:38]} Qxf5 {[%clk 0:00:58]} 27. Rxc5
{[%clk 0:01:45]} Qg6 {[%clk 0:00:50]} 28. Rc7+ {[%clk 0:01:51]} Kh6
{[%clk 0:00:50]} 29. f3 {[%clk 0:01:58]} Rhg8 {[%clk 0:00:18]} 30. Ra2
{[%clk 0:02:03]} Bf5 {[%clk 0:00:11]} 31. Qh4+ {[%clk 0:01:06]} Qh5
{[%clk 0:00:20]} 32. Qxf6+ {[%clk 0:01:14]} Rg6 {[%clk 0:00:24]} 33. Qd4
{[%clk 0:01:20]} Qg5 {[%clk 0:00:25]} 34. Qe5 {[%clk 0:00:40]} Rd8
{[%clk 0:00:19]} 35. Qf4 {[%clk 0:00:26]} Qxf4 {[%clk 0:00:25]} 36. exf4
{[%clk 0:00:35]} a6 {[%clk 0:00:24]} 37. Kh2 {[%clk 0:00:43]} Rd3
{[%clk 0:00:24]} 38. g4 {[%clk 0:00:42]} Bd7 {[%clk 0:00:27]} 39. f5
{[%clk 0:00:51]} Rgd6 {[%clk 0:00:33]} 40. Kg3 {[%clk 0:00:19]} Rxb3
{[%clk 0:00:41]} 41. Kf4 {[%clk 0:00:26]} Rc3 {[%clk 0:00:41]} 42. g5+
{[%clk 0:00:35]} Kh5 {[%clk 0:00:47]} 43. Rxc3 {[%clk 0:00:23]} bxc3
{[%clk 0:00:55]} 44. Rc2 {[%clk 0:00:32]} Rc6 {[%clk 0:00:51]} 45. g6
{[%clk 0:00:29]} Kh6 {[%clk 0:00:31]} 46. Ke5 {[%clk 0:00:36]} Kg7
{[%clk 0:00:32]} 47. Kd4 {[%clk 0:00:27]} Bxf5 {[%clk 0:00:37]} 48. Rxc3
{[%clk 0:00:36]} Rxg6 {[%clk 0:00:40]} 49. Rc7+ {[%clk 0:00:42]} Kh6
{[%clk 0:00:41]} 50. Kc5 {[%clk 0:00:45]} Kh5 {[%clk 0:00:22]} 51. Rc6
{[%clk 0:00:50]} Rg5 {[%clk 0:00:29]} 52. Kd4 {[%clk 0:00:50]} a5
{[%clk 0:00:30]} 53. Rc5 {[%clk 0:00:57]} Kg6 {[%clk 0:00:26]} 54. Rxa5
{[%clk 0:01:04]} Rg3 {[%clk 0:00:32]} 55. Ke3 {[%clk 0:01:10]} Rxh3
{[%clk 0:00:37]} 56. Kf4 {[%clk 0:01:15]} Bd3 {[%clk 0:00:42]} 57. Re5
{[%clk 0:01:17]} Kf6 {[%clk 0:00:45]} 58. Re3 {[%clk 0:01:19]} Bf5
{[%clk 0:00:41]} 59. Ra3 {[%clk 0:01:26]} Rh4+ {[%clk 0:00:49]} 60. Kg3
{[%clk 0:01:34]} Rb4 {[%clk 0:00:57]} 61. Ra5 {[%clk 0:01:41]} Be6
{[%clk 0:00:56]} 62. Rc5 {[%clk 0:01:45]} Ke7 {[%clk 0:01:03]} 63. Ra5
{[%clk 0:01:49]} Kd6 {[%clk 0:01:11]} 64. Rh5 {[%clk 0:01:56]} Bd5
{[%clk 0:01:18]} 65. Rh6+ {[%clk 0:01:57]} Kc5 {[%clk 0:01:22]} 66. Rf6
{[%clk 0:01:58]} Rb3 {[%clk 0:01:29]} 67. Kg4 {[%clk 0:02:04]} Kd4
{[%clk 0:01:35]} 68. Rf8 {[%clk 0:02:09]} Ke3 {[%clk 0:01:27]} 69. Re8+
{[%clk 0:02:10]} Kf2 {[%clk 0:01:34]} 70. f4 {[%clk 0:02:11]} Rg3+
{[%clk 0:01:12]} 71. Kf5 {[%clk 0:02:20]} Bc4 {[%clk 0:01:17]} 72. Rc8
{[%clk 0:02:16]} Bd3+ {[%clk 0:01:20]} 73. Kf6 {[%clk 0:02:15]} Rf3
{[%clk 0:01:11]} 74. Ke5 {[%clk 0:02:20]} Ke3 {[%clk 0:01:18]} 75. Rc3
{[%clk 0:02:29]} Rf1 {[%clk 0:01:10]} 76. Ra3 {[%clk 0:02:34]} Rb1
{[%clk 0:01:10]} 77. f5 {[%clk 0:02:24]} Rb5+ {[%clk 0:01:04]} 78. Ke6
{[%clk 0:02:12]} Kd4 {[%clk 0:00:47]} 79. Ra4+ {[%clk 0:02:03]} Bc4+
{[%clk 0:00:48]} 80. Kf6 {[%clk 0:02:12]} Kd5 {[%clk 0:00:46]} 81. Kg7
{[%clk 0:01:34]} Rb7+ {[%clk 0:00:50]} 82. Kg6 {[%clk 0:01:38]} Bd3
{[%clk 0:00:57]} 83. Ra5+ {[%clk 0:01:34]} Kd6 {[%clk 0:01:05]} 84. Kf6
{[%clk 0:01:34]} Bc4 {[%clk 0:01:00]} 85. Kg6 {[%clk 0:01:26]} Rc7
{[%clk 0:00:35]} 86. Kf6 {[%clk 0:01:21]} Rc6 {[%clk 0:00:42]} 87. Kg7
{[%clk 0:01:17]} Rc8 {[%clk 0:00:44]} 88. Kf6 {[%clk 0:00:53]} Rg8
{[%clk 0:00:39]} 89. Ra4 {[%clk 0:00:44]} Rf8+ {[%clk 0:00:27]} 90. Kg7
{[%clk 0:00:49]} Rf7+ {[%clk 0:00:33]} 91. Kg6 {[%clk 0:00:58]} Rc7
{[%clk 0:00:42]} 92. Ra5 {[%clk 0:01:01]} Ke7 {[%clk 0:00:33]} 93. Re5+
{[%clk 0:00:51]} Kf8 {[%clk 0:00:37]} 94. Ra5 {[%clk 0:00:45]} Bf7+
{[%clk 0:00:42]} 95. Kf6 {[%clk 0:00:50]} Rc6+ {[%clk 0:00:51]} 96. Kg5
{[%clk 0:00:50]} Kg7 {[%clk 0:01:00]} 97. Ra7 {[%clk 0:00:59]} Rc1
{[%clk 0:00:43]} 98. Rb7 {[%clk 0:01:03]} Rg1+ {[%clk 0:00:50]} 99. Kf4
{[%clk 0:01:12]} Kf8 {[%clk 0:00:42]} 100. Ke5 {[%clk 0:01:19]} Kg7
{[%clk 0:00:43]} 101. Ra7 {[%clk 0:01:18]} Re1+ {[%clk 0:00:45]} 102. Kf4
{[%clk 0:01:27]} Rf1+ {[%clk 0:00:25]} 103. Kg5 {[%clk 0:01:35]} Rf2
{[%clk 0:00:31]} 104. Rb7 {[%clk 0:01:40]} Rg2+ {[%clk 0:00:33]} 1/2-1/2

[Event "TeamRussiamenrapid"]
[Site "?"]
[Date "2016.10.05"]
[Round "1.19"]
[White "Levin, Evgeny A."]
[Black "Scherbakov, Mikhail"]
[Result "1-0"]
[LiveChessVersion "1.4.4"]
[BlackElo "1988"]
[WhiteElo "2585"]

1. d4 {[%clk 0:15:17]} Nf6 {[%clk 0:15:18]} 2. c4 {[%clk 0:15:23]} e5
{[%clk 0:15:25]} 3. dxe5 {[%clk 0:15:31]} Ng4 {[%clk 0:15:33]} 4. Bf4
{[%clk 0:15:38]} g5 {[%clk 0:15:38]} 5. Bg3 {[%clk 0:15:45]} Bg7 {[%clk 0:15:45]}
6. Nf3 {[%clk 0:15:44]} Nc6 {[%clk 0:15:52]} 7. Nc3 {[%clk 0:14:59]} Ngxe5
{[%clk 0:15:58]} 8. Nxe5 {[%clk 0:13:50]} Nxe5 {[%clk 0:16:05]} 9. e3
{[%clk 0:13:45]} d6 {[%clk 0:16:07]} 10. h4 {[%clk 0:13:50]} g4 {[%clk 0:16:15]}
11. h5 {[%clk 0:12:58]} h6 {[%clk 0:16:23]} 12. Be2 {[%clk 0:12:36]} Be6
{[%clk 0:15:47]} 13. Rc1 {[%clk 0:10:32]} c6 {[%clk 0:13:17]} 14. Bh4
{[%clk 0:09:55]} f6 {[%clk 0:11:09]} 15. O-O {[%clk 0:09:55]} O-O
{[%clk 0:11:02]} 16. Ne4 {[%clk 0:09:49]} Qe8 {[%clk 0:10:44]} 17. Bg3
{[%clk 0:07:03]} Rd8 {[%clk 0:10:23]} 18. Nxd6 {[%clk 0:05:44]} Qxh5
{[%clk 0:10:30]} 19. c5 {[%clk 0:05:48]} f5 {[%clk 0:10:22]} 20. f4
{[%clk 0:04:01]} gxf3 {[%clk 0:09:04]} 21. Bxf3 {[%clk 0:04:08]} Nxf3+
{[%clk 0:09:10]} 22. Qxf3 {[%clk 0:04:12]} Qxf3 {[%clk 0:07:08]} 23. gxf3
{[%clk 0:04:21]} Bf6 {[%clk 0:06:02]} 24. Bf4 {[%clk 0:04:17]} Kh7
{[%clk 0:05:43]} 25. Rc2 {[%clk 0:04:11]} Rd7 {[%clk 0:05:39]} 26. Rh2
{[%clk 0:03:01]} Rg8+ {[%clk 0:05:46]} 27. Kf2 {[%clk 0:03:03]} Rg6
{[%clk 0:05:54]} 28. Rg1 {[%clk 0:02:44]} Bg7 {[%clk 0:03:31]} 29. a3
{[%clk 0:02:40]} a5 {[%clk 0:02:48]} 30. b4 {[%clk 0:02:14]} a4 {[%clk 0:02:40]}
31. Rxg6 {[%clk 0:02:12]} Kxg6 {[%clk 0:02:47]} 32. e4 {[%clk 0:02:13]} fxe4
{[%clk 0:02:38]} 33. fxe4 {[%clk 0:02:22]} Bg4 {[%clk 0:02:45]} 34. Ke3
{[%clk 0:02:07]} Re7 {[%clk 0:02:27]} 35. Rg2 {[%clk 0:02:15]} h5
{[%clk 0:02:24]} 36. Nf5 {[%clk 0:02:23]} Rd7 {[%clk 0:02:31]} 37. Nh4+
{[%clk 0:01:32]} Kf7 {[%clk 0:02:21]} 38. Bd6 {[%clk 0:01:41]} Ke6
{[%clk 0:02:19]} 39. Ng6 {[%clk 0:01:23]} Rf7 {[%clk 0:02:07]} 40. Nf4+
{[%clk 0:01:25]} Kf6 {[%clk 0:02:04]} 41. e5+ {[%clk 0:01:22]} Kg5
{[%clk 0:01:55]} 42. e6 {[%clk 0:01:21]} Rxf4 {[%clk 0:02:04]} 43. Bxf4+
{[%clk 0:01:23]} Kf6 {[%clk 0:02:06]} 44. Be5+ {[%clk 0:00:17]} Kxe5
{[%clk 0:01:44]} 45. Rxg4 {[%clk 0:00:26]} Bf8 {[%clk 0:01:46]} 46. Re4+
{[%clk 0:00:24]} Kf6 {[%clk 0:01:53]} 47. Rf4+ {[%clk 0:00:32]} Ke7
{[%clk 0:01:51]} 48. Rf7+ {[%clk 0:00:41]} Ke8 {[%clk 0:01:59]} 49. Rxb7
{[%clk 0:00:49]} Bh6+ {[%clk 0:02:08]} 50. Ke4 {[%clk 0:00:54]} Bc1
{[%clk 0:02:13]} 51. b5 {[%clk 0:00:57]} 1-0